Die größten Städte pro Bundesland - Buchstabe U - Statistiken

Allgemein
  • Dieses Quiz wurde 128 mal gespielt
    43 seit der letzten Aktualisierung
  • Das Durchschnittsergebnis liegt bei 7 aus 31
Antwortstatistiken
Bundesland Einwohnerzahl Stadt % Korrekt
Baden-Württemberg 126.949 Ulm
96%
Niedersachsen 33.629 Uelzen
86%
Nordrhein-Westfalen 58.911 Unna
86%
Bayern 25.379 Unterhaching
57%
Baden-Württemberg 22.684 Überlingen
43%
Bayern 28.896 Unterschleißheim
36%
Hessen 14.733 Usingen
36%
Mecklenburg-Vorpommern 8.457 Ueckermünde
32%
Mecklenburg-Vorpommern 1.741 Usedom
32%
Thüringen 5.147 Unstrut-Hainich
25%
Rheinland-Pfalz 3.384 Ulmen
18%
Rheinland-Pfalz 4.970 Unkel
18%
Bayern 11.236 Unterföhring
18%
Niedersachsen 20.333 Uetze
14%
Niedersachsen 14.062 Uslar
14%
Nordrhein-Westfalen 23.979 Übach-Palenberg
11%
Schleswig-Holstein 18.476 Uetersen
11%
Saarland 11.393 Überherrn
7%
Baden-Württemberg 14.439 Uhingen
7%
Brandenburg 970 Uckerfelde
4%
Brandenburg 5.178 Uebigau-Wahrenbrück
4%
Nordrhein-Westfalen 8.362 Uedem
4%
Thüringen 5.595 Uhlstädt-Kirchhasel
4%
Schleswig-Holstein 671 Ulsnis
4%
Thüringen 8.320 Unterwellenborn
4%
Brandenburg 2.543 Uckerland
0%
Schleswig-Holstein 426 Uelsby
0%
Hessen 2.926 Ulrichstein
0%
Sachsen-Anhalt 945 Ummendorf
0%
Mecklenburg-Vorpommern 1.662 Upahl
0%
Rheinland-Pfalz 3.422 Urmitz
0%
Keine übereinstimmenden Quizze gefunden
Verteilung der Resultate
Anzahl Personen mit jedem Resultat
Perzentil nach korrekt beantworteten Fragen
Ihre Resultats-Entwicklung
Sie haben dieses Quiz seit der letzten Aktualisierung nicht gespielt